000 01006nam a22002537a 4500
999 _c65145
_d65145
005 20240530110809.0
008 190115s2007 ua a g 000 0 ara d
017 _a2007/20205
_bمصر. دار الكتب
020 _a9774374738
040 _aEG-CaGPL
_cEG-CaGPL
082 0 4 _221
_a792.0943 /
_bك ك
100 1 _aكوبرج ، رولاند
245 1 0 _aكتاب فى المسرح الالمانى /
_cالمؤلفون رولاند كوبرج ، بيرند شتيجمان ، هينركه تومسن
250 _aط.1
260 _aالقاهرة :
_bوزارة الثقافة : مهرجان القاهرة الدولى للمسرح التجريبى،
_c2007.
300 _a360 ص. :
_bايض ؛
_c24 سم.
650 0 7 _2qrmak
_aالمسرح
650 0 7 _aالمسرح الالمانى
651 _2qrmak
700 0 _aعلى عبدالغفار فطوم
_eمترجم
700 0 _aاحمد سخسوخ
_eمراجع
942 _2ddc
_cBK